| 000 | 00809nam a2200217Ia 4500 | ||
|---|---|---|---|
| 003 | CO-CtgCURN | ||
| 005 | 20250408231010.0 | ||
| 008 | 190723s9999 xx 000 0 und d | ||
| 020 | _a9789586539739 | ||
| 040 |
_aCO-CtgCURN _bspa _ccoctgcurn |
||
| 082 |
_a343.861 _bG516c |
||
| 100 | _aGiraldo Lopez, Alejandro | ||
| 245 | 0 |
_aComentarios al nuevo estatuto del consumidor : _bley 1480 de 2011 / _cAlejandro Giraldo Lopez; Carlos German Caycedo Espinel y Ramon Eduardo Madrinan Rivera |
|
| 260 |
_aBogotá, Colombia : _bLegis, _c2012 |
||
| 300 |
_a283 páginas ; _c23 centímetros |
||
| 521 | _aAREA PROFESIONAL | ||
| 590 | _aPrograma de Derecho_18 | ||
| 650 | _aConsumidores | ||
| 942 |
_cBK _h343.861 _iG516c _2ddc _n0 |
||
| 999 |
_c28622 _d28622 |
||